00804nam a2200229 a 450000100060000000300080000600500170001400800390003103500190007004000310008904100080012008200220012824501390015026000510028930000290034050400500036950500430041965100240046265100280048670000390051470000210055323556BD-RjUL20211209000938.0140311t1955 nyu b 001 0 eng a(BD-RjUL)23621 aDLCcWadDLCdBD-RJULbeng aeng00a937.008bROM 195510aRoman civilization :bselected readings /cedited with an introd. and notes, by Naphtali Lewis & Meyer Reinhold.nVolume-2pThe Empire aNew York :bColumbia University Press,cc1955. aV-2 ( 652 p. ) ;c24 cm. aincludes Bibliographical reference and index.0 av. 1. The Republic.--v. 2. The Empire. 0aRomexCivilization. 0aRomexHistoryxSources.1 aReinhold, Meyer,d1909-ejoint ed.1 aLewis, Naphtali,